000 00955nam a2200205 a 4500
001 54592
005 20180714045517.0
008 140415s1997 sp 000 0 spa d
020 _a84293121110
041 _aspa
082 _a231.765
_bCAR
100 1 _aCARREIRA, MANUEL
245 1 3 _aEL HOMBRE EN EL COSMOS
250 _a1a ed.
260 _aESPAÑA :
_bSAL TERRAE,
_c1997
300 _a188
_c16 x 0.5 x 23
490 _aLIBROS DE BOLSILLO
520 _aLAS ETERNAS PREGUNTAS QUE TODO HOMBRE SE FORMULA, MAS OMENOS EXPLICITAMENTE, ACERCA DE SU PROPIO SER Y EXISTIR Y DE SUS RELACIONES CON EL MUNDO ADQUIEREN HOY NUEVA IMPORTANCIA POR LOS AVANCES CIENTIFICOS DE LOS ULTIMOS CIEN AÑOS. TEMAS COMO EL POSIBLE ORIGEN DE TODO EL UNIVERSO EN UN PASADO CALCULABLE, DEL ORIGEN DE LA VIDA EN LA TIERRA Y SU POSIBILIDAD EN OTROS ENTORNOS COSMICOS, DE LA NATURALEZA DE LA INTELIGENCIA....
650 1 4 _aCOSMOLOGIA
_xESPIRITU
_xHOMBRE
_xVIDA
999 _c54592
_d54592